Ralli - Valtiot joissa suomalainen on voittanut osakilpailun - Statistics

Yleistilastot
  • Tätä visaa on pelattu 63 kertaa
  • Keskiarvotulos 91 / 108
Vastaustilastot
Kuljettajat Vuosina Valtio % Oikein
Timo Mäkinen 1973 Suomi
100%
Hannu Mikkola 1974, 1975, 1982, 1983 Suomi
100%
Markku Alén 1976, 1978, 1979, 1980, 1987, 1988 Suomi
100%
Kyösti Hämäläinen 1977 Suomi
100%
Ari Vatanen 1981,1984 Suomi
100%
Timo Salonen 1985, 1986 Suomi
100%
Juha Kankkunen 1991, 1993, 1999 Suomi
100%
Tommi Mäkinen 1994, 1995, 1996, 1997, 1998 Suomi
100%
Marcus Grönholm 2000, 2001, 2002, 2004, 2005, 2006, 2007 Suomi
100%
Mikko Hirvonen 2009 Suomi
100%
Jari-Matti Latvala 2010, 2014, 2015 Suomi
100%
Esa-Pekka Lappi 2017 Suomi
100%
Tommi Mäkinen 1997 Espanja
98%
Hannu Mikkola 1981, 1983 Ruotsi
98%
Ari Vatanen 1985 Ruotsi
98%
Juha Kankkunen 1986 Ruotsi
98%
Timo Salonen 1987 Ruotsi
98%
Markku Alén 1988 Ruotsi
98%
Tommi Mäkinen 1996, 1998, 1999 Ruotsi
98%
Marcus Grönholm 2000, 2002, 2003, 2006, 2007 Ruotsi
98%
Harri Rovanperä 2001 Ruotsi
98%
Jari-Matti Latvala 2008, 2012, 2014, 2017 Ruotsi
98%
Mikko Hirvonen 2010, 2011 Ruotsi
98%
Kalle Rovanperä 2022 Ruotsi
98%
Esa-Pekka Lappi 2024 Ruotsi
98%
Marcus Grönholm 2005 Japani
96%
Mikko Hirvonen 2007, 2008 Japani
96%
Hannu Mikkola 1984 Saksa
96%
Markku Alén 1983, 1984 Ranska
94%
Jari-Matti Latvala 2014, 2015 Ranska
94%
Markku Alén 1978, 1983, 1986 Italia
91%
Ari Vatanen 1984 Italia
91%
Tommi Mäkinen 1998, 1999 Italia
91%
Marcus Grönholm 2007 Italia
91%
Jari-Matti Latvala 2009 Italia
91%
Mikko Hirvonen 2012 Italia
91%
Kalle Rovanperä 2021, 2022, 2023 Viro
91%
Ari Vatanen 1980, 1981 Kreikka
89%
Timo Salonen 1985 Kreikka
89%
Juha Kankkunen 1986, 1991 Kreikka
89%
Markku Alén 1987 Kreikka
89%
Marcus Grönholm 2006, 2007 Kreikka
89%
Mikko Hirvonen 2009 Kreikka
89%
Jari-Matti Latvala 2013 Kreikka
89%
Kalle Rovanperä 2021, 2023 Kreikka
89%
Markku Alén 1975, 1977, 1978, 1981, 1987 Portugali
89%
Hannu Mikkola 1979, 1983, 1984 Portugali
89%
Timo Salonen 1985 Portugali
89%
Juha Kankkunen 1992, 1994, Portugali
89%
Tommi Mäkinen 1997, 2001 Portugali
89%
Jari-Matti Latvala 2015 Portugali
89%
Kalle Rovanperä 2022, 2023 Portugali
89%
Mikko Hirvonen 2009 Puola
89%
Kalle Rovanperä 2024 Puola
89%
Timo Mäkinen 1973, 1974, 1975 Yhdistynyt Kuningaskunta
89%
Hannu Mikkola 1978, 1979, 1981, 1982 Yhdistynyt Kuningaskunta
89%
Henri Toivonen 1980, 1985 Yhdistynyt Kuningaskunta
89%
Timo Salonen 1986 Yhdistynyt Kuningaskunta
89%
Juha Kankkunen 1987, 1991, 1993 Yhdistynyt Kuningaskunta
89%
Markku Alén 1988 Yhdistynyt Kuningaskunta
89%
Pentti Airikkala 1989 Yhdistynyt Kuningaskunta
89%
Marcus Grönholm 2001, 2006 Yhdistynyt Kuningaskunta
89%
Mikko Hirvonen 2007 Yhdistynyt Kuningaskunta
89%
Jari-Matti Latvala 2011, 2012 Yhdistynyt Kuningaskunta
89%
Markku Alén 1986 Yhdysvallat
87%
Juha Kankkunen 1987 Yhdysvallat
87%
Hannu Mikkola 1983 Argentiina
81%
Timo Salonen 1985 Argentiina
81%
Juha Kankkunen 1993, 1999 Argentiina
81%
Tommi Mäkinen 1996, 1997, 1998 Argentiina
81%
Marcus Grönholm 2003 Argentiina
81%
Jari-Matti Latvala 2014 Argentiina
81%
Ari Vatanen 1983 Kenia
81%
Juha Kankkunen 1985, 1991, 1993 Kenia
81%
Hannu Mikkola 1987 Kenia
81%
Tommi Mäkinen 1996, 2001 Kenia
81%
Kalle Rovanperä 2022, 2024 Kenia
81%
Kalle Rovanperä 2024 Latvia
81%
Ari Vatanen 1985 Monaco
81%
Henri Toivonen 1986 Monaco
81%
Tommi Mäkinen 1999, 2000, 2001, 2002 Monaco
81%
Marcus Grönholm 2006 Monaco
81%
Mikko Hirvonen 2010 Monaco
81%
Mikko Hirvonen 2007 Norja
81%
Juha Kankkunen 1989, 1990, 1991, 1993 Australia
77%
Tommi Mäkinen 1996, 1998 Australia
77%
Marcus Grönholm 2000, 2001, 2002 Australia
77%
Mikko Hirvonen 2006, 2009, 2011 Australia
77%
Jari-Matti Latvala 2018 Australia
77%
Jari-Matti Latvala 2016 Meksiko
77%
Hannu Mikkola 1973, 1979 Uusi-Seelanti
77%
Timo Salonen 1980, 1985 Uusi-Seelanti
77%
Juha Kankkunen 1986 Uusi-Seelanti
77%
Tommi Mäkinen 1999 Uusi-Seelanti
77%
Marcus Grönholm 2000, 2002, 2003, 2006, 2007 Uusi-Seelanti
77%
Jari-Matti Latvala 2010 Uusi-Seelanti
77%
Kalle Rovanperä 2022 Uusi-Seelanti
77%
Ari Vatanen 1981 Brasilia
72%
Timo Salonen 1977 Kanada
68%
Kalle Rovanperä 2022 Kroatia
66%
Marcus Grönholm 2006 Turkki
62%
Mikko Hirvonen 2008 Turkki
62%
Hannu Mikkola 1975 Marokko
45%
Marcus Grönholm 2002 Kypros
40%
Hannu Mikkola 1979 Norsunluurannikko
28%
Timo Salonen 1981 Norsunluurannikko
28%
Juha Kankkunen 1985 Norsunluurannikko
28%
Mikko Hirvonen 2008 Jordania
23%
Ehtoja vastaavia visoja ei löytynyt
Tulosjakauma
Jokaisen tuloksen saaneiden osuus
Persentiili vastausten määrän mukaan
Tuloshistoriasi
Et ole pelannut tätä visaa